| 000 | 00623nam a2200205Ia 4500 | ||
|---|---|---|---|
| 008 | 140626s9999 xx 000 0 und d | ||
| 100 | _aBraun, Joshua. | ||
| 245 |
_aDisruption and identity maintenance in risk information seeking and processing / _c Joshua ... [et al.].Braun |
||
| 260 | _cc2012. | ||
| 300 | _a22 : 2, page 138 | ||
| 440 | _aCommunication Theory | ||
| 521 | _aMC | ||
| 650 | _aHeuristic systematic model. | ||
| 650 | _aInformation seeking. | ||
| 650 | _aMedia effects. | ||
| 650 | _aRisk communication. | ||
| 650 | _aRisk information. | ||
| 650 | _aTheory of planned behavior. | ||
| 942 | _cSE | ||
| 999 |
_c121253 _d121253 |
||